000 00650nas a2200241 4500
001 BR8404949
003 BR-BrBNA
005 20231205090015.0
007 ta
008 230509b bl.|||p| |||| 00| 00por d
040 _aBR-BrBNA
_bpor
_cBiblioteca Nacional de Agricultura
041 _a(Pt)
072 _aL01
100 1 _aGuimaraes Filho, C.
245 1 _aA cabra na caatinga
650 _aCABRA
650 _aCRIACAO
650 _aDESMAMA
650 _aCAATINGA
773 0 _tAgropecuaria Tropical (Brazil)
_xISSN 0101-1758
_g(Sep-Oct 1984), (no. 38) p. 50
_wBR8404949
909 _a202311
_bLúcia
_c55
_dLúcia Elande
942 _2AGRIS
_n0
_cANA
999 _c115466
_d115466